000 00440nam a2200181Ia 4500
001 16292
003 IN-NITTTR
005 20251114233154.0
008 251113s9999||||xx |||||||||||||| ||eng||
040 _beng
040 _cIN-NITTTR
041 _aeng
082 _a021.2 S58V
100 _aSchneider, W. Edward
245 0 _aVideodiscs /
_cSchneider, W. Edward, Bennion, L. Junius
700 _a Bennion, L. Junius
942 _2ddc
_cBK
999 _c18926
_d18926